Electric machinery and transformers (Record no. 440)

000 -LEADER
fixed length control field 00469nam a2200193 4500
001 - CONTROL NUMBER
control field 440
003 - CONTROL NUMBER IDENTIFIER
control field BD-DhUET
008 - FIXED-LENGTH DATA ELEMENTS--GENERAL INFORMATION
fixed length control field 140721b xxu||||| |||| 00| 0 eng d
020 ## - INTERNATIONAL STANDARD BOOK NUMBER
International Standard Book Number 81203007755
040 ## - CATALOGING SOURCE
Transcribing agency 0
Modifying agency BD-DhUET
082 ## - DEWEY DECIMAL CLASSIFICATION NUMBER
Classification number 623.1042
Item number KOS/1991
100 ## - MAIN ENTRY--PERSONAL NAME
Personal name Kosow, Irving L.
245 ## - TITLE STATEMENT
Title Electric machinery and transformers
250 ## - EDITION STATEMENT
Edition statement 2nd ed.
260 ## - PUBLICATION, DISTRIBUTION, ETC. (IMPRINT)
Place of publication, distribution, etc. New Delhi
Name of publisher, distributor, etc. Prentice-Hall
Date of publication, distribution, etc. 1991
300 ## - PHYSICAL DESCRIPTION
Extent xiv,626p.
650 #0 - SUBJECT ADDED ENTRY--TOPICAL TERM
Topical term or geographic name as entry element Electric machinery
942 ## - ADDED ENTRY ELEMENTS (KOHA)
Koha item type General Book
Holdings
Date acquired Sublocation or collection (holding branch) Withdrawn status Koha full call number Price effective from Koha normalized classification for sorting Copy number Piece designation (barcode) Koha issues (times borrowed) Damaged status Source of classification or shelving scheme Koha item type Koha date last seen Location (home branch) Lost status Shelving location Koha date last borrowed Not for loan
2014-07-21Central Library, BUET 623.1042/KOS/19912014-07-21623_104200000000000_KOS_19911103680   General Book2014-07-21Central Library, BUET Circulation section  
2014-07-21Central Library, BUET 623.1042/KOS/19912014-07-21623_104200000000000_KOS_19912103681   General Book2016-12-07Central Library, BUET Circulation section  
2014-07-21Central Library, BUET 623.1042/KOS/19912014-07-21623_104200000000000_KOS_199131036821  General Book2021-12-15Central Library, BUET Circulation section2021-12-05 
2014-07-21Central Library, BUET 623.1042/KOS/19912014-07-21623_104200000000000_KOS_19914103683   General Book2014-07-21Central Library, BUET Circulation section  
2014-07-21Central Library, BUET 623.1042/KOS/19912014-07-21623_000000000000000_1042KOS1995103684   General Book2014-07-21Central Library, BUET Circulation section  
2014-07-21Central Library, BUET 623.1042/KOS/19912014-07-21623_104200000000000_KOS_19916103685   General Book2014-07-21Central Library, BUET Circulation section  
2014-07-21Central Library, BUET 623.1042/KOS/19912014-07-21623_104200000000000_KOS_19917103686   General Book2014-07-21Central Library, BUET Circulation section  
2014-07-21Central Library, BUET 623.1042/KOS/19912014-07-21623_000000000000000_1042KOS1998103688   General Book2016-11-29Central Library, BUET Circulation section  
2014-07-21Central Library, BUET 623.1042/KOS/19912014-07-21623_104200000000000_KOS_19919103689   General Book2017-03-11Central Library, BUET Circulation section